MARC

LEADER 00000nam0a2200000 4500
001 325595
005 20231102003758.0
035 |a (RuTPU)RU\TPU\book\351210 
090 |a 325595 
100 |a 20161208d1967 km y0rusy50 ca 
101 0 |a rus 
102 |a RU 
105 |a a z 001zy 
200 1 |a Метод фазовой плоскости в теории цифровых следящих систем  |f В. П. Страхов 
210 |a Москва  |c Энергия  |d 1967 
215 |a 96 с.  |c ил. 
225 1 |a Библиотека по автоматике  |v Вып. 265 
320 |a Библиогр.: с. 94 
606 1 |a Исполнительные механизмы  |x Динамические расчеты  |2 stltpush  |3 (RuTPU)RU\TPU\subj\13224  |9 39873 
606 1 |a Следящие системы дискретные  |x Динамика  |2 stltpush  |3 (RuTPU)RU\TPU\subj\55123  |9 73194 
610 1 |a автоматические системы управления 
610 1 |a уравнения 
610 1 |a переходные процессы 
610 1 |a отображение 
675 |a 681.513.3  |v 4 
700 1 |a Страхов  |b В. П.  |g Владимир Павлович 
801 1 |a RU  |b 63413507  |c 20161208 
801 2 |a RU  |b 63413507  |c 20221012  |g RCR 
942 |c BK